000 00305nam a22001337a 4500
008 170420b xxu||||| |||| 00| 0 eng d
020 _a9780070333086
041 _aeng
080 _a573
100 _a11
101 _aSHM
245 _aANALYSIS OF BIOLOGICAL DEVELOPMENT
_cKALTHOFF, K
942 _2udc
_cBK
999 _c11350
_d11350